| 000 | 01843cam a22003735a 4500 | ||
|---|---|---|---|
| 001 | 016557220 | ||
| 003 | OSt | ||
| 005 | 20160214122239.0 | ||
| 006 | m fq z | ||
| 008 | 131107t2014 nyua fr 000 0 eng d | ||
| 020 | _a9780071796224 (book and disk set) | ||
| 020 | _a0071796223 (book and disk set) | ||
| 020 | _a9780071796194 (book for set) | ||
| 020 | _a0071796193 (book for set) | ||
| 040 |
_aStDuBDS _beng _cStDuBDS _dUk _dUkOxU _dEG-ScBUE _dEG-ScBUE |
||
| 082 | 0 | 4 |
_a428.0076 _bCOL _222 |
| 100 | 1 |
_aCollins, Tim. _938282 |
|
| 245 | 1 | 0 |
_aTOEFL iBT / _cTim Collins, Monica Sorrenson. |
| 246 | 3 | _aMcGraw-Hill education TOEFL iBT | |
| 260 |
_aNew York : _bMcGraw-Hill Education, _cc.2014. |
||
| 300 |
_avi, 744 p. : _bill. ; _c28 cm. + _e1 DVD-ROM. |
||
| 500 | _aAccompanying DVD-ROM in pocket at end of book includes 3 practice tests, practice test sections, and audio tracks for listening passages. | ||
| 500 | _aCover : "Giving students the leading edge for college and career success". | ||
| 500 | _aCover : "3 practice tests -Complete preparation for all TOEFL sections: reading, listening, speaking, writing. - Exercises to boost your English skills and raise your score." | ||
| 520 | _aHelps you reach the TOEFL exam score you want. This book includes 5 full-length practice tests, explained exercises, additional practice questions, and TOEFL-specific vocabulary features to accompany every lesson. | ||
| 650 | 0 |
_aTest of English as a Foreign Language _vStudy guides. _2BUEsh |
|
| 650 | 0 |
_aEnglish language _xExaminations _vStudy guides. _2BUEsh |
|
| 650 | 0 |
_aEnglish language _vTextbooks for foreign speakers. _2BUEsh |
|
| 650 | 0 |
_aEnglish language _xExaminations _vStudy guides. _2BUEsh |
|
| 651 | _2BUEsh | ||
| 653 |
_bCOMAME _bEEENG _cAugust2015 _cFebruary2016 |
||
| 700 | 1 | _aSorrenson, Monica. | |
| 942 | _2ddc | ||
| 999 |
_c20402 _d20374 |
||